Multiculturalism and political theory

Salvato in:
Dettagli Bibliografici
Altri autori: Laden, Anthony Simon, Owen, David
Natura: Libro
Lingua:inglese
Pubblicazione: New York Cambridge University Press 2007
Soggetti:
Tags: Aggiungi Tag
Nessun Tag, puoi essere il primo ad aggiungerne!!

MARC

LEADER 00000nam a2200000 4500
001 0222373
005 20240314103504.6
020 |a 978-0-521-67090-6 
041 0 |a eng 
044 |a US 
245 1 0 |a Multiculturalism and political theory  |c edited by Anthony Simon Laden and David Owen 
264 1 |a New York  |b Cambridge University Press  |c 2007 
300 |a xii, 419 s. 
610 2 0 |a multikulturalizmus 
610 2 0 |a menšiny národnostné 
610 2 0 |a práva ľudské 
610 2 0 |a demokracia 
610 2 0 |a migrácia 
610 2 0 |a Holandsko 
610 2 0 |a USA 
700 1 |a Laden, Anthony Simon 
700 1 |a Owen, David